000
00314nam a22001337a 4500
008
171031b xxu||||| |||| 00| 0 eng d
020
_a
2900136059171
041
_a
eng
080
_2
5 ED
_a
33
100
_a
59
101
_a
BUS
245
_a
THE LEGAL ENVIRONMENT OF BUSSINESS
_c
KUBASEK.N.K
942
_2
udc
_c
BK
999
_c
36868
_d
36868